| 000 | 00405pab a2200145 454500 | ||
|---|---|---|---|
| 008 | 180718b xxu||||| |||| 00| 0 eng d | ||
| 100 | _aDuncombe William D. | ||
| 245 | _aThe impact of courts on the decision to expand jail capacity | ||
| 362 | _a25(3), Nov 93, p.267-92 | ||
| 650 | _a Courts | ||
| 650 | _aJails | ||
| 700 | _aStraussman Jeffrey D. | ||
| 773 | _aAdministration and Society | ||
| 909 | _a25916 | ||
| 999 |
_c25916 _d25916 |
||